000 00366 a2200145 4500
001 169169
020 _a
040 _cMagnum
100 _aFerreira, Pedro
240 1 0 _aRegras de handebol: mais de mil perguntas e respostas
_lpor
245 1 0 _aRegras de handebol: mais de mil perguntas e respostas
362 0 _a1899
697 _aEDUCACAO FISICA
942 _cBK
999 _c169169
_d169169